[Event "Tourn. n9779"]
[Site "www.chess-mail.com"]
[Date "2018.04.16"]
[Round "1"]
[White "Mitja"]
[Black "Fantomas"]
[WhiteElo "2010"]
[BlackElo "2210"]
[Result "0-1"]
[Round "1"]
1.d4 d5
2.e3 Ng8f6
3.h3 h6
4.c3 Bc8f5
5.Ng1e2 Nb8d7
6.Ne2g3 Bf5g6
7.b3 e5
8.dxe5 Nd7xe5
9.Bc1b2 Bf8d6
10.Nb1d2 c6
11.Bf1e2 Qd8c7
12.Ng3f1 O-O
13.Nd2f3 Rf8e8
14.Nf3xe5 Bd6xe5
15.Nf1d2 Qc7a5
16.Qd1c1 Nf6e4
17.Nd2xe4 Bg6xe4
18.O-O Qa5c7
19.c4 dxc4
20.Bb2xe5 Qc7xe5
21.Qc1xc4 Be4d5
22.Qc4c2 Qe5g5
23.g3 Re8e7
24.Qc2d1 Bd5e6
25.Kg2 Re7d7
26.Qd1c1 Be6d5
27.Be2f3 Bd5e6
28.Rf1d1 Ra8d8
29.Rd1xd7 Rd8xd7
30.Qc1e1 Qg5f6
31.Ra1d1 Rd7c7
32.Qe1e2 g6
33.Bf3g4 Be6xg4
34.hxg4 Qf6e7
35.Qe2d3 a6
36.Qd3d6 Kg7
37.Qd6d4 Qe7f6
38.Qd4xf6 Kxf6
39.Kf3 Ke6
40.Ke4 Rc7d7
41.Rd1xd7 Kxd7
42.f4 f6
43.a4 a5
44.Kd4 b6
45.e4 Kd6
46.e5 fxe5
47.fxe5 Ke6
48.Ke4 c5
49.Kf4 Kd5
50.g5 h5
51.e6 Kxe6
52.Ke4 Kd6
{ resign }
0-1

[Event "Tourn. n9776"]
[Site "www.chess-mail.com"]
[Date "2018.04.16"]
[Round "1"]
[White "Caspito"]
[Black "Julian"]
[WhiteElo "1920"]
[BlackElo "1920"]
[Result "1-0"]
[Round "1"]
1.e4 e5
2.Ng1f3 Nb8c6
3.Bf1c4 Ng8f6
4.Nf3g5 d5
5.exd5 Nf6xd5
6.Ng5xf7 Kxf7
7.Qd1f3 Qd8f6
8.Qf3xd5 Bc8e6
9.Qd5e4 Ra8d8
10.Bc4xe6 Kxe6
11.O-O Bf8c5
12.c3 Rh8f8
13.d4 Nc6xd4
14.cxd4 Rd8xd4
15.Qe4xb7 Bc5b6
16.Qb7c6 Rd4d6
17.Qc6c4 Ke7
18.Bc1e3 Rd6c6
19.Qc4b4 Kd8
20.Be3xb6 cxb6
21.Nb1c3 a5
22.Ra1d1 Kc8
23.Nc3b5 Rf8f7
24.Qb4g4 Kb7
25.Rd1d7 Rf7xd7
26.Qg4xd7 Ka6
27.a4 { resign }
1-0

[Event "Tourn. n9767"]
[Site "www.chess-mail.com"]
[Date "2018.04.16"]
[Round "1"]
[White "Falcoale"]
[Black "Attatroll"]
[WhiteElo "1850"]
[BlackElo "2010"]
[Result "1-0"]
[Round "1"]
1.e4 d6
2.d4 Ng8f6
3.Nb1c3 g6
4.Bf1d3 Bf8g7
5.Ng1f3 O-O
6.O-O c5
7.dxc5 dxc5
8.Bc1g5 Nb8d7
9.Rf1e1 b6
10.e5 Nf6e8
11.Bg5f4 e6
12.a4 Bc8b7
13.Nc3b5 a6
14.Nb5c3 Ne8c7
15.Nc3e4 Bb7xe4
16.Bd3xe4 Ra8b8
17.Qd1e2 Qd8c8
18.Re1d1 Rf8d8
19.Qe2e3 Nc7e8
20.Bf4g5 f6
21.exf6 Nd7xf6
22.Qe3e2 Qc8c7
23.Be4d3 a5
24.Qe2xe6 Kh8
25.Nf3e5 Rb8b7
26.Bd3a6 Rb7a7
27.Ba6b5 Rd8d6
28.Ne5f7 Kg8
29.Nf7xd6 Kf8
30.Bg5xf6 Ne8xf6
31.Nd6e8 Qc7e7
32.Qe6xe7 Kxe7
33.Ne8xg7 { resign }
1-0

[Event "Tourn. n9761"]
[Site "www.chess-mail.com"]
[Date "2018.04.16"]
[Round "1"]
[White "Passaroa25"]
[Black "Fegatux"]
[WhiteElo "1570"]
[BlackElo "2029"]
[Result "0-1"]
[Round "1"]
1.Nb1c3 d6
2.d4 e5
3.Ng1f3 Nb8c6
4.Nc3d5 e4
5.Nf3d2 f5
6.Nd5f4 Ng8f6
7.c3 d5
8.e3 g6
9.Bf1e2 Bf8g7
10.Nd2b3 O-O
11.h3 Qd8d6
12.Bc1d2 Nc6d8
13.O-O g5
14.Nf4h5 Nf6xh5
15.Be2xh5 f4
16.g4 f3
17.Qd1c2 b6
18.Rf1b1 Bc8a6
19.Nb3c1 Nd8b7
20.a4 c5
21.Nc1a2 Ba6d3
22.Qc2c1 Qd6d7
23.b4 Bd3xb1
24.Qc1xb1 cxb4
25.Na2xb4 Nb7a5
26.Qb1a2 Na5c4
27.Ra1d1 Rf8f6
28.Bd2c1 Rf6h6
29.Qa2c2 a5
30.Nb4a2 Rh6xh5
31.gxh5 Qd7xh3
{ resign }
0-1

[Event "Tourn. n9700"]
[Site "www.chess-mail.com"]
[Date "2018.04.16"]
[Round "1"]
[White "Fabos12"]
[Black "Falcoale"]
[WhiteElo "1980"]
[BlackElo "1900"]
[Result "1-0"]
[Round "1"]
1.d4 Ng8f6
2.c4 b6
3.Nb1c3 Bc8b7
4.Ng1f3 e6
5.Bc1g5 Bf8e7
6.Bg5xf6 Be7xf6
7.e4 O-O
8.e5 Bf6e7
9.d5 exd5
10.cxd5 d6
11.Bf1c4 a6
12.a3 b5
13.Bc4a2 Nb8d7
14.O-O Nd7xe5
15.Nf3xe5 dxe5
16.Rf1e1 Be7d6
17.Nc3e4 Bd6e7
18.b4 f5
19.d6 Kh8
20.dxe7 Qd8xe7
21.Ne4c5 Ra8d8
22.Qd1h5 Bb7c8
23.Ra1d1 g6
24.Qh5h6 e4
25.h4 Rd8xd1
26.Re1xd1 Qe7g7
27.Qh6xg7 Kxg7
28.Ba2e6 Rf8e8
29.Be6xc8 Re8xc8
30.Rd1d7 Kh6
31.Nc5e6 c6
32.f4 e3
33.Kf1 Rc8e8
34.Ne6g5 Kh5
35.Rd7xh7 Kg4
36.Ke2 Kxf4
37.Rh7c7 Kg3
38.Ng5f3 Kxg2
39.Rc7xc6 f4
40.Rc6xg6 Kh3
41.h5 Re8c8
42.Kd3 Rc8d8
43.Ke4 Rd8e8
44.Kxf4 { resign }
1-0

[Event "Tourn. n9764"]
[Site "www.chess-mail.com"]
[Date "2018.04.16"]
[Round "1"]
[White "Jose"]
[Black "Sachpat"]
[WhiteElo "2760"]
[BlackElo "2850"]
[Result "1/2-1/2"]
[Round "1"]
1.e4 c5
2.Ng1f3 d6
3.d4 cxd4
4.Nf3xd4 Ng8f6
5.Nb1c3 a6
6.Bc1e3 e6
7.f3 b5
8.Qd1d2 Nb8d7
9.O-O-O Bc8b7
10.g4 Nd7b6
11.Qd2f2 Nf6d7
12.Bf1d3 Ra8c8
13.Nc3e2 d5
14.e5 Nd7xe5
15.Nd4xe6 fxe6
16.Be3xb6 Qd8f6
17.f4 Ne5xd3
18.Rd1xd3 Bf8d6
19.Bb6d4 Qf6e7
20.Rh1e1 O-O
21.Qf2e3 Bb7c6
22.h4 b4
23.Bd4e5 Qe7c7
24.Be5xd6 Qc7xd6
25.h5 Rc8e8
26.h6 Bc6b5
27.hxg7 Rf8f7
28.Rd3d2 { draw }
1/2-1/2

[Event "Tourn. n9689"]
[Site "www.chess-mail.com"]
[Date "2018.04.16"]
[Round "1"]
[White "Sahlapalat"]
[Black "Apdash"]
[WhiteElo "2090"]
[BlackElo "2250"]
[Result "1-0"]
[Round "1"]
1.d4 d5
2.c4 c6
3.Ng1f3 Ng8f6
4.Nb1c3 e6
5.e3 g6
6.Qd1c2 Bf8g7
7.Nf3e5 Nb8d7
8.f4 Qd8c7
9.b3 dxc4
10.bxc4 Nd7xe5
11.fxe5 Nf6g8
12.Bc1a3 Ng8e7
13.Bf1d3 O-O
14.h4 Rf8e8
15.h5 Ne7f5
16.Qc2f2 b6
17.Nc3e4 Bg7xe5
18.dxe5 Qc7xe5
19.Ba3b2 Qe5a5
20.Bb2c3 Qa5a3
21.Ne4f6 Kf8
22.Nf6xh7 Ke7
23.Bc3f6 Kd7
24.Qf2d2 Kc7
25.Bf6e5 Kb7
26.g4 Re8d8
27.Ra1d1 Nf5d6
28.Qd2c2 gxh5
29.Rh1xh5 Bc8d7
30.Nh7f6 Nd6e8
31.Nf6e4 f5
32.gxf5 exf5
33.Ne4g5 Qa3e7
34.Be5f4 Ne8f6
35.Rh5h6 Nf6g4
36.Rh6h7 Qe7b4
37.Ke2 Ka6
38.c5 b5
39.Rh7xd7 Rd8xd7
40.Rd1b1 Qb4a5
41.a4 Rd7xd3
42.axb5 cxb5
43.Qc2xd3 Ra8d8
44.Bf4d6 f4
45.e4 Qa5a2
46.Kf3 Ng4h2
47.Kxf4 Qa2f2
48.Ng5f3 Qf2a2
49.Qd3xb5 { resign }
1-0

[Event "Tourn. n9730"]
[Site "www.chess-mail.com"]
[Date "2018.04.16"]
[Round "1"]
[White "Axphis"]
[Black "Seger"]
[WhiteElo "2289"]
[BlackElo "2770"]
[Result "0-1"]
[Round "1"]
1.e4 e5
2.Ng1f3 Nb8c6
3.c3 d5
4.Qd1a4 f6
5.d3 Ng8e7
6.Bf1e2 Bc8e6
7.O-O g5
8.Nf3d2 d4
9.Nd2b3 h5
10.Nb3c5 Be6c8
11.Qa4d1 g4
12.Nc5b3 Ne7g6
13.f3 Qd8d7
14.cxd4 Nc6xd4
 { time }
0-1

[Event "Match"]
[Site "www.echecsemail.com"]
[Date "2018.04.16"]
[Round "1"]
[White "Guidom"]
[Black "Axphis"]
[WhiteElo "2130"]
[BlackElo "1809"]
[Result "1-0"]
[Round "1"]
1.e4 e5
2.Ng1f3 Nb8c6
3.Bf1b5 Ng8f6
4.d3 d6
5.O-O Bf8e7
6.Bc1e3 Nf6g4
7.Nb1d2 Ng4xe3
8.fxe3 O-O
9.c3 Bc8d7
10.h3 a6
11.Bb5a4 b5
12.Ba4b3 Nc6a5
13.Bb3c2 Be7f6
14.d4 c5
15.d5 Qd8c7
16.Nf3h2 Na5c4
17.Nd2xc4 bxc4
18.Rf1xf6 gxf6
19.Qd1f3 Ra8b8
20.Ra1b1 Rb8b6
21.Qf3xf6 Qc7d8
22.Qf6h6 Qd8e7
23.Nh2f3 Rf8b8
24.b3 a5
25.Nf3g5 f6
26.Ng5f3 a4
27.Nf3d2 cxb3
28.axb3 axb3
29.Rb1xb3 Rb6xb3
30.Bc2xb3 Qe7g7
31.Qh6h4 Qg7g5
32.Qh4xg5 fxg5
33.g4 h5
34.gxh5 Bd7xh3
35.Bb3a4 Bh3g4
36.Nd2c4 Rb8d8
37.Kh2 Bg4xh5
38.Ba4b5 Bh5g6
39.Nc4d2 Rd8b8
40.c4 Kf7
41.Kg3 Kf6
42.Kf3 Bg6h5
43.Kg3 Rb8a8
44.Nd2f1 Ra8a3
45.Kf2 Ra3a2
46.Kg3 Ra2c2
47.Nf1h2 Bh5e2
48.Nh2f3 Be2f1
49.Nf3e1 Rc2e2
50.Ne1f3 Re2g2
51.Kh3 g4
52.Kh4  { time }
1-0

[Event "Match"]
[Site "www.echecsemail.com"]
[Date "2018.04.16"]
[Round "1"]
[White "Luke1302"]
[Black "Sonny1000"]
[WhiteElo "1250"]
[BlackElo "1550"]
[Result "0-1"]
[Round "1"]
1.d4 d5
2.g3 c6
3.Qd1d2 h6
4.b3 Nb8a6
5.e3 f6
6.Bf1e2 b5
7.Be2h5 Kd7
8.Bh5f7 e6
9.Bf7xg8 Rh8xg8
10.Qd2d3 Bf8b4
11.c3 g5
12.Qd3h7 Bb4e7
13.Qh7xh6 Rg8h8
14.Qh6g6 Qd8e8
15.Qg6xe8 Rh8xe8
16.Ng1f3 Re8g8
17.a4 b4
18.Bc1d2 Bc8b7
19.Bd2c1 bxc3
20.Nb1xc3 Na6b4
21.O-O Nb4c2
22.Ra1a2 Bb7a6
23.Ra2xc2 Ba6xf1
24.Kxf1 Ra8b8
25.e4 Rb8xb3
26.Rc2b2 Rb3xc3
27.Rb2b7 Kd6
28.Bc1a3 c5
29.e5 Kc6
30.Rb7xe7 Rc3xa3
31.Re7xe6 Kd7
32.Re6xf6 g4
33.e6 Ke7
34.Rf6f4 gxf3
35.dxc5 Rg8h8
36.Rf4d4 Rh8xh2
37.Rd4h4 Ra3a1

0-1

[Event "Match"]
[Site "www.echecsemail.com"]
[Date "2018.04.16"]
[Round "1"]
[White "Gimmyg"]
[Black "Axphis"]
[WhiteElo "2520"]
[BlackElo "1809"]
[Result "1-0"]
[Round "1"]
1.Ng1f3 d5
2.b3 Bc8f5
3.e3 e6
4.Bc1b2 Ng8f6
5.h3 Bf8d6
6.g4 Bf5g6
7.g5 Nf6h5
8.Bf1e2 Nb8d7
9.Rh1g1 h6
10.Nf3h4 hxg5
11.Nh4xg6 fxg6
12.c4 Qd8e7
13.Qd1c2 O-O-O
14.Qc2xg6 Nh5f6
15.Qg6xg5 dxc4
16.Be2xc4 Rh8xh3
17.Qg5xg7 Rh3h1
18.Ke2 Rh1xg1
19.Qg7xg1 Kb8
20.Qg1h1 e5
21.Nb1c3 e4
22.Qh1h4 a6
23.Ra1h1  { time }
1-0

[Event "Match"]
[Site "www.echecsemail.com"]
[Date "2018.04.16"]
[Round "1"]
[White "Krystek23"]
[Black "Axphis"]
[WhiteElo "2450"]
[BlackElo "1809"]
[Result "1-0"]
[Round "1"]
1.c4 e5
2.Nb1c3 Ng8f6
3.g3 Bf8c5
4.Bf1g2 d6
5.e3 Bc5b6
6.d3 h6
7.Ng1e2 Nb8c6
8.Bc1d2 O-O
9.O-O Bc8f5
10.Nc3e4 Nf6xe4
11.dxe4 Bf5e6
12.b3 Nc6e7
13.Ne2c3 a5
14.Nc3d5 Bb6c5
15.Qd1e1 a4
16.Qe1e2 Qd8d7
17.Rf1d1 c6
18.Nd5c3 b5
19.cxb5 axb3
20.axb3 Be6xb3
21.Ra1xa8 Rf8xa8
22.Rd1b1 Bb3e6
23.bxc6 Qd7xc6
24.Qe2d1 Kh7
25.Qd1e2 Ne7g8
26.Nc3d5 Ra8a3
27.Qe2c4 Qc6a4
28.Bg2f1 Ng8f6
29.Bd2b4 Bc5xb4
30.Rb1xb4  { time }
1-0

[Event "Match"]
[Site "www.echecsemail.com"]
[Date "2018.04.16"]
[Round "1"]
[White "Apdash"]
[Black "Micheles"]
[WhiteElo "2180"]
[BlackElo "2570"]
[Result "0-1"]
[Round "1"]
1.e4 c6
2.d4 d5
3.exd5 cxd5
4.Ng1f3 Ng8f6
5.c4 e6
6.Nb1c3 Bf8e7
7.Bf1d3 dxc4
8.Bd3xc4 O-O
9.O-O Nb8c6
10.Bc1e3 b6
11.Qd1d3 Bc8b7
12.Ra1d1 Nc6b4
13.Qd3e2 a6
14.a3 b5
15.Bc4b3 Nb4d5
16.Nf3e5 Nd5xc3
17.bxc3 Be7xa3
18.f4 Nf6e4
19.Qe2d3 Ba3d6
20.c4 b4
21.c5 Bd6xe5
22.fxe5 Ne4c3
23.Rd1c1 Bb7e4
24.Qd3d2 a5
25.Be3g5 Qd8xd4
26.Qd2xd4 Nc3e2
27.Kh1 Ne2xd4
28.Bb3a4 Be4c6
29.Bg5e3 Bc6xa4
30.Be3xd4 Ba4c6
31.Kg1 a4
32.Rc1c4 Rf8b8
33.Rf1d1 a3
34.Rd1b1 b3
35.Bd4c3 a2
36.Rb1a1 b2
37.Bc3xb2 Rb8xb2
38.g3 Rb2b1
39.Rc4c1 Rb1xc1
40.Ra1xc1 a1Q
{ resign }
0-1

[Event "Match"]
[Site "www.echecsemail.com"]
[Date "2018.04.16"]
[Round "1"]
[White "Fegatux"]
[Black "Gidi5"]
[WhiteElo "2340"]
[BlackElo "2290"]
[Result "1/2-1/2"]
[Round "1"]
1.e4 e6
2.d4 d5
3.Nb1d2 c5
4.Ng1f3 Nb8c6
5.exd5 exd5
6.Bf1b5 Bc8d7
7.O-O Ng8f6
8.Rf1e1 Bf8e7
9.Qd1e2 Ra8c8
10.Nd2b3 Nf6e4
11.dxc5 O-O
12.Bc1e3 Rf8e8
13.Qe2f1 a6
14.Bb5xc6 Bd7xc6
15.Nf3d4 Bc6a4
16.c3 Ba4xb3
17.Nd4xb3 Ne4xc5
18.Be3xc5 Be7xc5
19.Nb3xc5 Rc8xc5
20.Qf1d3 Re8e6
21.Re1e3 Rc5c6
22.Ra1d1 Re6xe3
23.fxe3 Qd8b6
24.b3 Rc6e6
25.Rd1e1 h6
26.b4 Qb6a7
27.a4 b5
28.a5 Kf8
29.Qd3xd5 Re6xe3
30.Qd5d6 Kg8
31.Re1xe3 Qa7xe3
32.Kf1 Qe3c1
{ draw }
1/2-1/2

[Event "Match"]
[Site "www.echecsemail.com"]
[Date "2018.04.16"]
[Round "1"]
[White "Coraza8091"]
[Black "Gandalf50"]
[WhiteElo "1530"]
[BlackElo "1499"]
[Result "0-1"]
[Round "1"]
1.e4 c5
2.Ng1f3 d6
3.Bf1b5 Bc8d7
4.Qd1e2 a6
5.Bb5c4 e6
6.e5 d5
7.Bc4xd5 exd5
8.Nb1c3 d4
9.Nc3e4 Nb8c6
10.Qe2c4 Bf8e7
 { time }
0-1

[Event "Tourn. n9784"]
[Site "www.chess-mail.com"]
[Date "2018.04.17"]
[Round "1"]
[White "Julian"]
[Black "Louis"]
[WhiteElo "1870"]
[BlackElo "1990"]
[Result "1-0"]
[Round "1"]
1.e4 c5
2.Ng1f3 d6
3.d4 cxd4
4.Nf3xd4 Ng8f6
5.Nb1c3 a6
6.Bf1c4 e6
7.O-O Bf8e7
8.Bc1g5 O-O
9.Bc4b3 Nb8c6
10.Rf1e1 Nc6a5
11.Qd1f3 h6
12.Bg5e3 b5
13.a3 Na5xb3
14.cxb3 Bc8b7
15.Qf3g3 Kh7
16.f3 Rf8g8
17.Ra1c1 { resign }
1-0

[Event "Tourn. n9799"]
[Site "www.chess-mail.com"]
[Date "2018.04.17"]
[Round "1"]
[White "Bojan"]
[Black "Caroluigi"]
[WhiteElo "2010"]
[BlackElo "2160"]
[Result "0-1"]
[Round "1"]
1.b4 e5
2.a3 Ng8f6
3.c4 d6
4.d4 exd4
5.Qd1xd4 Nb8c6
6.Qd4d3 Nc6e5
7.Qd3c2 Bc8e6
8.e4 Bf8e7
9.h3 O-O
10.Bc1g5 Nf6d7
11.Bg5xe7 Qd8xe7
12.Bf1e2 Qe7f6
13.Ra1a2 Nd7b6
14.Nb1d2 Rf8e8
15.Ng1f3 Ne5xf3
16.Be2xf3 Qf6d4
17.c5 dxc5
18.bxc5 Be6xa2
19.cxb6 Qd4a1
20.Bf3d1 cxb6
21.O-O Ba2e6
22.Nd2f3 Qa1xa3
23.Rf1e1 Ra8c8
24.Qc2b1 Qa3a5
25.Re1e2 Re8d8
26.Re2a2 Qa5xa2
{ resign }
0-1

[Event "Tourn. n9727"]
[Site "www.chess-mail.com"]
[Date "2018.04.17"]
[Round "1"]
[White "Ditto"]
[Black "Esperanza"]
[WhiteElo "1880"]
[BlackElo "2040"]
[Result "1-0"]
[Round "1"]
1.e4 c5
2.Nb1c3 d6
3.d4 cxd4
4.Qd1xd4 Nb8c6
5.Qd4d1 Ng8f6
6.Ng1f3 e6
7.Bc1g5 Bf8e7
8.Bf1b5 Bc8d7
9.O-O a6
10.Bb5d3 O-O
11.Rf1e1 Qd8c7
12.Ra1b1 b5
13.a3 h6
14.Bg5e3  { time }
1-0

[Event "Tourn. n9725"]
[Site "www.chess-mail.com"]
[Date "2018.04.17"]
[Round "1"]
[White "Esperanza"]
[Black "Piekki"]
[WhiteElo "2040"]
[BlackElo "2160"]
[Result "0-1"]
[Round "1"]
1.d4 Ng8f6
2.c4 g6
3.Nb1c3 d5
4.cxd5 Nf6xd5
5.e4 Nd5xc3
6.bxc3 Bf8g7
7.Bc1g5 c5
8.Ra1c1 Nb8c6
9.d5 Nc6e5
10.Ng1f3 Bc8g4
11.Bf1e2 Bg4xf3
12.Be2xf3 Qd8a5
13.Qd1e2 c4
14.O-O Ne5d3
15.Rc1b1 b5
16.h4 h6
17.Bg5e3 Bg7xc3
 { time }
0-1

[Event "Tourn. n9733"]
[Site "www.chess-mail.com"]
[Date "2018.04.17"]
[Round "1"]
[White "Esperanza"]
[Black "Bojan"]
[WhiteElo "2040"]
[BlackElo "1920"]
[Result "0-1"]
[Round "1"]
1.d4 d5
2.c4 g6
3.Nb1c3 dxc4
4.e4 Bf8g7
5.Bc1e3 e6
6.Bf1xc4 Bc8d7
7.Ng1f3 a6
8.a4 Ng8e7
9.Qd1d2 Nb8c6
10.Be3h6 Rh8g8
11.Bh6xg7 Rg8xg7
12.Qd2h6 Kf8
13.h4 Ne7g8
14.Qh6e3 Nc6b4
15.Qe3d2 a5
16.h5 h6
17.hxg6 Rg7xg6
18.Kf1 f6
 { time }
0-1

[Event "Tourn. n9763"]
[Site "www.chess-mail.com"]
[Date "2018.04.17"]
[Round "1"]
[White "Falcoale"]
[Black "Gilliere"]
[WhiteElo "1850"]
[BlackElo "2060"]
[Result "0-1"]
[Round "1"]
1.e4 c5
2.Ng1f3 d6
3.Bf1c4 Ng8f6
4.d3 e6
5.O-O Nb8c6
6.Bc1g5 Bf8e7
7.a3 d5
8.exd5 exd5
9.Bc4a2 Bc8g4
10.h3 Bg4h5
11.Nb1d2 h6
12.Bg5f4 g5
13.Bf4e5 Nc6xe5
14.g4 Ne5xf3
15.Nd2xf3 Bh5g6
16.Nf3e5 Bg6h7
17.f4 Nf6d7
18.Ne5xd7 Qd8xd7
19.f5 O-O-O
20.Qd1f3 Be7f6
21.c3 Rh8e8
22.Qf3f2 b6
23.Ra1d1 Qd7c7
24.Qf2g2 Qc7b7
25.Ba2b3 Bf6e5
26.d4 cxd4
27.cxd4 Be5f4
28.Bb3xd5 Qb7xd5
29.Qg2xd5 Rd8xd5
30.b4 Re8e4
31.Rf1f3 Re4xd4
32.Rd1e1 Rd4d1
33.Rf3c3 Kb7
34.Re1xd1 Rd5xd1
35.Kf2 f6
{ resign }
0-1

[Event "Tourn. n9730"]
[Site "www.chess-mail.com"]
[Date "2018.04.17"]
[Round "1"]
[White "Numanoid"]
[Black "Axphis"]
[WhiteElo "2360"]
[BlackElo "2289"]
[Result "1-0"]
[Round "1"]
1.e4 d5
2.exd5 Ng8f6
3.Ng1f3 Nf6xd5
4.d4 Bc8g4
5.Bf1e2 Nb8c6
6.O-O e6
7.c4 Nd5b6
8.Nb1c3 Bf8e7
9.d5 exd5
10.cxd5 Bg4xf3
11.Be2xf3 Nc6e5
12.Bf3e4  { time }
1-0

[Event "Tourn. n9762"]
[Site "www.chess-mail.com"]
[Date "2018.04.17"]
[Round "1"]
[White "Orhany24"]
[Black "Fantomas"]
[WhiteElo "2080"]
[BlackElo "2300"]
[Result "1/2-1/2"]
[Round "1"]
1.d4 d5
2.c4 e6
3.a3 Ng8f6
4.Nb1c3 Bf8e7
5.Ng1f3 O-O
6.Bc1g5 h6
7.Bg5h4 c6
8.e3 dxc4
9.Bf1xc4 Nf6d5
10.Bh4g3 Be7d6
11.O-O Bd6xg3
12.hxg3 a5
13.Ra1c1 Nd5e7
14.e4 Nb8d7
15.Bc4a2 Qd8b6
16.Nc3a4 Qb6c7
17.e5 Rf8d8
18.Ba2b1 b5
19.Na4c3 Qc7b6
20.Qd1d3 Nd7f8
21.Rf1d1 Bc8a6
22.Qd3e4 Ba6b7
23.Qe4g4 Rd8d7
24.Nc3e4 Ne7g6
25.Ne4c5 Rd7c7
26.Nf3h4 Ng6e7
27.f4 Bb7c8
28.Rd1f1 a4
29.f5 exf5
30.Nh4xf5 Ne7xf5
31.Bb1xf5 Bc8xf5
32.Rf1xf5 Rc7e7
33.Kh2 Ra8e8
34.Rc1f1 Qb6c7
35.Nc5e4 Re8d8
36.Rf5h5 Nf8g6
37.Ne4d6 Qc7d7
38.Rh5f5 Ng6h8
39.Qg4h5 Rd8f8
40.Rf5f4 Kh7
41.Nd6f5 Re7e6
42.Rf4g4 Nh8g6
43.Rf1h1 Rf8h8
44.Kg1 Kg8
45.Nf5d6 Rh8h7
{ draw }
1/2-1/2

[Event "Tourn. n9735"]
[Site "www.chess-mail.com"]
[Date "2018.04.17"]
[Round "1"]
[White "Jjmcbride"]
[Black "Gegonz"]
[WhiteElo "1730"]
[BlackElo "1610"]
[Result "0-1"]
[Round "1"]
1.e4 c6
2.d4 d5
3.e5 c5
4.c3 Nb8c6
5.Ng1e2 Bc8f5
6.Nb1d2 e6
7.Nd2f3 Bf5g4
8.Ne2g3 cxd4
9.cxd4 Bg4xf3
10.gxf3 Qd8b6
11.Ng3e2 Bf8b4
12.Bc1d2 Ng8e7
13.Bd2xb4 Nc6xb4
14.Ne2c3 O-O
15.Nc3b5 Ra8c8
16.Nb5c3 Qb6xd4
17.a3 Qd4xe5
18.Bf1e2 Nb4c6
19.O-O { time. }
0-1

[Event "Tourn. n9748"]
[Site "www.chess-mail.com"]
[Date "2018.04.17"]
[Round "1"]
[White "Claymil"]
[Black "Esperanza"]
[WhiteElo "2000"]
[BlackElo "2040"]
[Result "1-0"]
[Round "1"]
1.c4 c5
2.Nb1c3 d6
3.g3 Ng8f6
4.Bf1g2 e6
5.e3 Bf8e7
6.Ng1e2 O-O
7.O-O a6
8.a4 Nb8c6
9.d4  { time }
1-0

[Event "Tourn. n9728"]
[Site "www.chess-mail.com"]
[Date "2018.04.17"]
[Round "1"]
[White "Coolant"]
[Black "Esperanza"]
[WhiteElo "2270"]
[BlackElo "2040"]
[Result "1-0"]
[Round "1"]
1.e4 c5
2.d4 cxd4
3.Ng1f3 d6
4.Qd1xd4 Nb8c6
5.Bf1b5 e5
6.Qd4d3 Ng8f6
7.c4 a6
8.Bb5xc6 bxc6
9.Nb1c3 Bc8e6
10.b3 Bf8e7
11.O-O O-O
12.Bc1a3 Qd8a5
13.Nc3a4 h6
14.Rf1d1 Rf8d8
15.Qd3c2 Nf6h5
16.c5 dxc5
17.Nf3xe5 Qa5c7
18.Ne5c4  { time }
1-0

[Event "Tourn. n9662"]
[Site "www.chess-mail.com"]
[Date "2018.04.17"]
[Round "1"]
[White "Francesco"]
[Black "Sahlapalat"]
[WhiteElo "2090"]
[BlackElo "2030"]
[Result "0-1"]
[Round "1"]
1.e4 c5
2.Ng1f3 d6
3.d4 cxd4
4.Nf3xd4 Ng8f6
5.Nb1c3 Nb8c6
6.Bf1b5 Bc8d7
7.O-O g6
8.Bc1g5 Bf8g7
9.Qd1d2 O-O
10.Ra1d1 Nc6xd4
11.Bb5xd7 Nf6xd7
12.Nc3d5 Nd4c6
13.c3 Ra8c8
14.b4 Rf8e8
15.Rf1e1 Nd7e5
16.f4 Ne5c4
17.Qd2e2 b5
18.a4 a6
19.axb5 axb5
20.Rd1a1 Qd8d7
21.h3 Rc8a8
22.Ra1d1 Qd7a7
23.Kh2 Kf8
24.Rd1a1 Qa7xa1
25.Re1xa1 Ra8xa1
26.Qe2f2 Ra1d1
27.f5 Bg7e5
28.Bg5f4 Rd1d2
29.Qf2h4 Kg8
30.fxg6 hxg6
31.Qh4g5 Rd2e2
32.h4 Re2xe4
33.h5 Be5xf4
34.Nd5xf4 Re4e5
35.Qg5h6 g5
36.Nf4g6 f6
37.Qh6h8 Kf7
38.Ng6xe5 Nc4xe5
39.Qh8h7 Ke6
40.Qh7e4 f5
41.Qe4e2 Kf6
42.Qe2xb5 Re8h8
43.Qb5e2 Ne5g4
44.Kg3 Rh8xh5
45.b5 Nc6e5
46.b6 f4
{ resign }
0-1

[Event "Tourn. n9747"]
[Site "www.chess-mail.com"]
[Date "2018.04.17"]
[Round "1"]
[White "Falcoale"]
[Black "Pachi"]
[WhiteElo "1860"]
[BlackElo "1700"]
[Result "1-0"]
[Round "1"]
1.e4 e5
2.b3 d6
3.d4 f6
4.Bc1b2 b6
5.Ng1f3 Bc8b7
6.d5 c5
7.Bf1b5 Nb8d7
8.O-O a6
9.Bb5e2 b5
10.c4 bxc4
11.bxc4 g6
12.Nb1c3 f5
13.Be2d3 Bf8g7
14.exf5 Nd7f6
15.Nf3g5 Bb7c8
16.Ng5e6 Bc8xe6
17.fxe6 Ng8e7
18.Nc3e4 Nf6xe4
19.Bd3xe4 a5
20.Qd1a4 Kf8
21.Qa4d1 h5
22.Qd1f3 Kg8
23.Qf3g3 a4
24.Be4xg6 a3
25.Bg6f7 Kf8
26.Qg3f3 h4
27.Bf7g6 Kg8
28.Qf3f7 { resign }
1-0

[Event "Tourn. n9745"]
[Site "www.chess-mail.com"]
[Date "2018.04.17"]
[Round "1"]
[White "Sefj"]
[Black "Seger"]
[WhiteElo "2279"]
[BlackElo "2770"]
[Result "0-1"]
[Round "1"]
1.c4 c5
2.g3 g6
3.e3 Bf8g7
4.Bf1g2 Nb8c6
5.Nb1c3 d6
6.Bg2h3 Bc8xh3
7.Ng1xh3 Qd8d7
8.Nh3f4 g5
9.Nf4h5 Bg7xc3
10.dxc3 Qd7h3
11.Nh5g7 Kf8
12.Ng7h5 Ng8h6
13.e4 f6
14.a3 Nh6g4
15.f3 Ng4e5
16.f4 Ne5g4
17.fxg5 fxg5
18.Qd1f3 Kg8
19.Rh1f1 Qh3xh5
20.Qf3f5 Ng4xh2
21.Qf5e6 Kg7
22.Rf1f5 Nh2f3
23.Kf2 Rh8f8
24.Kg2 Nf3e1
25.Kg1 Qh5e2
 { time }
0-1

[Event "Tourn. n9752"]
[Site "www.chess-mail.com"]
[Date "2018.04.17"]
[Round "1"]
[White "Louis"]
[Black "Esperanza"]
[WhiteElo "1990"]
[BlackElo "2040"]
[Result "1-0"]
[Round "1"]
1.Ng1f3 d5
2.d4 Ng8f6
3.c4 e6
4.Nb1c3 Bf8e7
5.Bc1f4 O-O
6.e3 c5
7.dxc5 Be7xc5
8.a3 a5
9.cxd5 Nf6xd5
10.Nc3xd5 exd5
11.Bf1d3 h6
12.Bd3b1  { time }
1-0

[Event "Tourn. n9732"]
[Site "www.chess-mail.com"]
[Date "2018.04.17"]
[Round "1"]
[White "Esperanza"]
[Black "Piekki"]
[WhiteElo "2040"]
[BlackElo "2190"]
[Result "0-1"]
[Round "1"]
1.d4 Ng8f6
2.c4 c5
3.d5 b5
4.cxb5 a6
5.bxa6 g6
6.Nb1c3 Bc8xa6
7.e4 Ba6xf1
8.Kxf1 d6
9.g3 Bf8g7
10.Kg2 Nb8d7
11.f4 O-O
12.Ng1f3 Qd8a5
13.Rh1e1 Rf8b8
 { time }
0-1

[Event "Tourn. n9739"]
[Site "www.chess-mail.com"]
[Date "2018.04.17"]
[Round "1"]
[White "Ditto"]
[Black "Esperanza"]
[WhiteElo "1880"]
[BlackElo "2040"]
[Result "1-0"]
[Round "1"]
1.e4 c5
2.Ng1f3 d6
3.Bf1c4 e6
4.d3 Ng8f6
5.Bc1g5 a6
6.Nb1c3 Bf8e7
7.O-O O-O
8.Rf1e1 b5
9.Bc4b3 Bc8b7
10.a3 Nb8c6
11.Qd1d2  { time }
1-0

[Event "Match"]
[Site "www.echecsemail.com"]
[Date "2018.04.17"]
[Round "1"]
[White "Guillaumefi"]
[Black "Eeze"]
[WhiteElo "1399"]
[BlackElo "1499"]
[Result "0-1"]
[Round "1"]
1.d4 d5
2.Bc1f4 h6
3.Ng1f3 Nb8c6
4.Nb1c3 Ng8f6
5.h3 e6
6.Nc3b5 Bf8d6
7.Nb5xd6 cxd6
8.e3 Nf6e4
9.Bf1d3 g5
10.Bd3xe4 gxf4
11.Be4d3 fxe3
12.fxe3 Qd8a5
13.c3 Rh8g8
14.Qd1d2 e5
15.O-O e4
16.b4 Qa5d8
17.Bd3b5 Bc8xh3
18.Nf3e1 a6
19.Qd2f2 Rg8g7
20.Bb5e2 b5
21.Be2h5 Bh3e6
22.Qf2f4 Kd7
23.Qf4xh6 Qd8g8
24.Ra1d1 Qg8h7
25.Qh6xh7 Rg7xh7
26.g4 Ra8g8
27.Rf1f4 Rh7xh5
28.Rd1d2 Rh5h7
29.Rd2g2 Nc6d8
30.Kf2 Rg8g5
31.Rg2g3 Ke7
32.a3 Rh7h4
33.Ne1g2 Rh4xg4
34.Rg3xg4 Be6xg4
35.Kg3 Bg4f3
36.Kh4 Rg5xg2
37.Kh3 Rg2a2
{ resign }
0-1

[Event "Match"]
[Site "www.echecsemail.com"]
[Date "2018.04.17"]
[Round "1"]
[White "Darknight"]
[Black "Whitekknight"]
[WhiteElo "1810"]
[BlackElo "1890"]
[Result "0-1"]
[Round "1"]
1.e4 e5
2.Bf1c4 Ng8f6
3.d3 h6
4.h3 Bf8c5
5.Bc1d2 Nb8c6
6.c3 O-O
7.g4 d5
8.exd5 Nf6xd5
9.h4 Qd8f6
10.Rh1h2 Nd5f4
11.g5 Qf6g6
12.d4 Bc5d6
13.Bd2xf4 exf4
14.f3 Rf8e8
15.Ng1e2 hxg5
16.h5 Qg6f6
17.Nb1d2 g4
18.fxg4 f3
19.Qd1c2 Bd6xh2
20.Nd2e4 fxe2
21.Bc4xe2 Qf6h4
22.Kd2 Bh2f4
23.Kd3 Qh4h3
24.Kc4 Bc8xg4
25.Be2xg4 Qh3xg4
26.Ra1h1 Qg4f3
27.Ne4f2 Re8e2
28.Qc2f5 Nc6a5
29.Kb5 Re2xf2
30.Rh1h3 c6
31.Ka4 b5
32.Kxa5 Bf4c7
33.Kb4 Qf3xf5
{ resign }
0-1

[Event "Match"]
[Site "www.echecsemail.com"]
[Date "2018.04.17"]
[Round "1"]
[White "Storzman"]
[Black "Guillaumefi"]
[WhiteElo "1429"]
[BlackElo "1589"]
[Result "1-0"]
[Round "1"]
1.Ng1f3 d5
2.d4 Ng8f6
3.e3 g6
4.Bf1d3 Bf8g7
5.O-O O-O
6.Nb1d2 Bc8g4
7.b3 Nb8c6
8.Bc1b2 e6
9.Rf1e1 e5
10.dxe5 Nc6xe5
11.Bb2xe5 Qd8e7
12.Be5b2 Ra8d8
13.Qd1c1 Nf6e4
14.Bb2a3 c5
15.Ba3b2 f6
16.c4 Ne4xd2
17.Nf3xd2 Rf8e8
18.cxd5 { resign }
1-0